header

The Characteristics of aphasia (Record no. 123608)

MARC details
000 -LEADER
fixed length control field 01300nam a2200337Ia 4500
082 04 - DEWEY DECIMAL CLASSIFICATION NUMBER
Classification number 616.85/52
245 04 - TITLE STATEMENT
Title The Characteristics of aphasia
260 ## - PUBLICATION, DISTRIBUTION, ETC. (IMPRINT)
Place of publication London ;
-- New York :
Name of publisher Taylor & Francis,
Year of publication 1989.
300 ## - PHYSICAL DESCRIPTION
Number of Pages xii, 212 p. :
Other physical details ill.
490 1# - SERIES STATEMENT
Series statement Brain damage, behaviour and cognition. Developments in clinical neuropsychology
650 #0 - SUBJECT ADDED ENTRY--TOPICAL TERM
Topical Term Aphasia.
700 1# - ADDED ENTRY--PERSONAL NAME
Personal name Code, Christopher,
856 40 - ELECTRONIC LOCATION AND ACCESS
Uniform Resource Identifier http://site.ebrary.com/lib/rucke/Doc?id=2003709

No items available.

© 2026 Rongo University
Contact us: librarian | system librarian | Rongo university